000 01660nam a22004217a 4500
001 113
003 FISKH
005 20260226150502.0
008 230228b cb ||||| |||| 00| 0 eng d
020 _a0698118022
040 _aDLC
_cDLC
_dDLC
_dFISKH
_beng
042 _apcc
_alcac
043 _aa-ja---
050 0 0 _aRJ416.L4
_bC63 1999
082 0 0 _a362.19/989299419/0092
_aB
_221
100 1 _aCoerr, Eleanor.
245 1 0 _aSadako and the thousand paper cranes /
_cby Eleanor Coerr ; paintings by Ronald Himler.
260 _aNew York :
_bPuffin,
_c1977
300 _a79 p. :
_bill. ;
_c24 cm.
500 _aOriginally published: New York : Putnam, 1977.
505 _aM
520 _aHospitalized with the dreaded atom bomb disease, leukemia, a child in Hiroshima races against time to fold one thousand paper cranes to verify the legend that by doing so a sick person will become healthy.
521 8 _a690
_bLexile
521 8 _aM
_bRas-Plus
600 1 0 _aSasaki, Sadako,
_d1943-1955
_vJuvenile literature.
600 1 1 _aSasaki, Sadako,
_d1943-1955.
650 0 _aLeukemia in children
_vJuvenile literature.
650 0 _aAtomic bomb
_xPhysiological effect
_vJuvenile literature.
650 1 _aLeukemia.
650 1 _aAtomic bomb
_xPhysiological effect.
650 1 _aDeath.
651 0 _aHiroshima-shi (Japan)
_xHistory
_yBombardment, 1945
_vJuvenile literature.
651 1 _aHiroshima-shi (Japan)
_xHistory
_yBombardment, 1945.
700 1 _aHimler, Ronald,
_eill.
856 4 2 _3Publisher description
_uhttp://www.loc.gov/catdir/enhancements/fy1203/00268856-d.html
906 _a7
_bcbc
_corigcop
_d2
_encip
_f20
_gy-gencatlg
942 _2ddc
_cBK
_n0
999 _c113
_d113